[Event "Moscow Open 2018 F"]
[Site "?"]
[Date "2018.01.29"]
[Round "4.6"]
[White "Borisenko, Viacheslav"]
[Black "Badalyan, Shavarsh"]
[Result "0-1"]
[BlackElo "2172"]
[WhiteElo "2330"]
[LiveChessVersion "1.4.8"]

1. e4 c5 {[%clk 1:28:14]} 2. Nf3 {[%clk 1:26:54]} e6 {[%clk 1:28:23]} 3. c3
{[%clk 1:26:19]} Nf6 {[%clk 1:28:23]} 4. d3 {[%clk 1:24:15]} Nc6 {[%clk 1:25:27]}
5. Be2 {[%clk 1:24:22]} d5 {[%clk 1:24:04]} 6. e5 {[%clk 1:24:23]} Nd7
{[%clk 1:24:13]} 7. d4 {[%clk 1:24:50]} f6 {[%clk 1:19:28]} 8. exf6
{[%clk 1:24:12]} Nxf6 {[%clk 1:19:32]} 9. O-O {[%clk 1:24:01]} Bd6
{[%clk 1:16:59]} 10. Be3 {[%clk 1:11:57]} cxd4 {[%clk 1:10:44]} 11. cxd4
{[%clk 1:12:19]} O-O {[%clk 1:10:52]} 12. h3 {[%clk 1:12:30]} Bd7
{[%clk 1:09:24]} 13. Nc3 {[%clk 1:11:54]} Be8 {[%clk 1:07:58]} 14. Ng5
{[%clk 1:10:09]} Qe7 {[%clk 1:06:00]} 15. f4 {[%clk 1:10:13]} h6 {[%clk 1:05:06]}
16. Nf3 {[%clk 1:10:30]} Nh5 {[%clk 1:05:04]} 17. Ne5 {[%clk 1:08:40]} Ng3
{[%clk 1:04:19]} 18. Rf2 {[%clk 1:06:34]} Nxe2+ {[%clk 1:03:02]} 19. Qxe2
{[%clk 1:06:23]} Qh4 {[%clk 0:58:15]} 20. Nf3 {[%clk 0:50:38]} Qg3
{[%clk 0:50:48]} 21. Qf1 {[%clk 0:50:20]} Bh5 {[%clk 0:45:08]} 22. Re1
{[%clk 0:38:05]} Rae8 {[%clk 0:35:03]} 23. a3 {[%clk 0:36:14]} Bxf3
{[%clk 0:31:33]} 24. Rxf3 {[%clk 0:35:36]} Qg6 {[%clk 0:30:58]} 25. Qe2
{[%clk 0:29:42]} a6 {[%clk 0:28:09]} 26. Ref1 {[%clk 0:27:55]} h5
{[%clk 0:25:23]} 27. Kh2 {[%clk 0:22:50]} Ne7 {[%clk 0:24:15]} 28. g3
{[%clk 0:20:41]} Nf5 {[%clk 0:22:56]} 29. Bf2 {[%clk 0:21:09]} Rc8
{[%clk 0:18:15]} 30. h4 {[%clk 0:19:11]} Rfe8 {[%clk 0:16:45]} 31. Re1
{[%clk 0:18:33]} b5 {[%clk 0:15:27]} 32. Rd3 {[%clk 0:16:16]} b4 {[%clk 0:13:59]}
33. Na4 {[%clk 0:15:41]} bxa3 {[%clk 0:14:20]} 34. bxa3 {[%clk 0:16:09]} Nh6
{[%clk 0:13:22]} 35. Bg1 {[%clk 0:15:02]} Ng4+ {[%clk 0:13:00]} 36. Kh1
{[%clk 0:15:28]} Nf6 {[%clk 0:11:40]} 37. Nc5 {[%clk 0:14:42]} Bxc5
{[%clk 0:11:48]} 38. dxc5 {[%clk 0:15:10]} Ne4 {[%clk 0:12:07]} 39. Kh2
{[%clk 0:15:28]} Nxc5 {[%clk 0:12:07]} 40. Bxc5 {[%clk 0:15:37]} Rxc5
{[%clk 0:12:33]} 41. Qe3 {[%clk 0:12:37]} Rc2+ {[%clk 0:12:17]} 42. Rd2
{[%clk 0:12:57]} Rec8 {[%clk 0:11:58]} 43. Ree2 {[%clk 0:12:14]} R8c6
{[%clk 0:11:46]} 44. Rg2 {[%clk 0:09:23]} R2c3 {[%clk 0:11:42]} 45. Qe5
{[%clk 0:09:39]} Rxa3 {[%clk 0:11:23]} 46. Rb2 {[%clk 0:08:30]} Rc1
{[%clk 0:10:48]} 47. f5 {[%clk 0:06:24]} Qxf5 {[%clk 0:11:05]} 48. Qxf5
{[%clk 0:03:45]} exf5 {[%clk 0:11:33]} 49. Rgf2 {[%clk 0:04:06]} Rca1
{[%clk 0:06:59]} 50. Rxf5 {[%clk 0:04:13]} R1a2 {[%clk 0:06:57]} 51. Rxa2
{[%clk 0:04:36]} Rxa2+ {[%clk 0:07:23]} 52. Kh3 {[%clk 0:03:18]} Rd2
{[%clk 0:07:14]} 53. Rxh5 {[%clk 0:03:33]} a5 {[%clk 0:06:40]} 54. Rf5
{[%clk 0:02:55]} a4 {[%clk 0:06:56]} 55. Rf3 {[%clk 0:03:03]} Rd4
{[%clk 0:07:03]} 56. Kg2 {[%clk 0:02:19]} Rb4 {[%clk 0:07:09]} 57. Rc3
{[%clk 0:00:34]} Rc4 {[%clk 0:06:10]} 58. Ra3 {[%clk 0:00:34]} d4
{[%clk 0:06:08]} 59. Kf2 {[%clk 0:00:44]} Kf7 {[%clk 0:06:24]} 60. Ke2
{[%clk 0:00:48]} Ke6 {[%clk 0:06:47]} 61. Kd2 {[%clk 0:00:54]} Rb4
{[%clk 0:05:41]} 62. Rf3 {[%clk 0:00:36]} Rb2+ {[%clk 0:05:34]} 63. Kc1
{[%clk 0:01:02]} Rb3 {[%clk 0:05:46]} 64. Rf8 {[%clk 0:00:47]} Rxg3
{[%clk 0:06:03]} 65. Ra8 {[%clk 0:01:10]} a3 {[%clk 0:06:28]} 66. Ra5
{[%clk 0:01:37]} a2 {[%clk 0:06:23]} 67. Kb2 {[%clk 0:02:03]} Rg2+
{[%clk 0:06:35]} 68. Kb3 {[%clk 0:01:58]} d3 {[%clk 0:06:43]} 69. Kc3
{[%clk 0:01:37]} d2 {[%clk 0:07:08]} 70. Rxa2 {[%clk 0:01:57]} d1=N+
{[%clk 0:07:34]} 0-1

[Event "Moscow Open 2018 F"]
[Site "?"]
[Date "2018.01.29"]
[Round "4.7"]
[White "Vasilyev, Vasily"]
[Black "Kezin, Roman"]
[Result "0-1"]
[BlackElo "2450"]
[WhiteElo "2299"]
[LiveChessVersion "1.4.8"]

1. d4 {[%clk 1:30:59]} d5 {[%clk 1:25:54]} 2. Nf3 {[%clk 1:31:20]} Nf6
{[%clk 1:26:12]} 3. g3 {[%clk 1:31:44]} e6 {[%clk 1:26:34]} 4. Bg2
{[%clk 1:32:09]} b5 {[%clk 1:26:56]} 5. O-O {[%clk 1:31:38]} Bb7 {[%clk 1:27:21]}
6. c3 {[%clk 1:30:48]} Nbd7 {[%clk 1:25:58]} 7. a4 {[%clk 1:29:04]} b4
{[%clk 1:25:58]} 8. a5 {[%clk 1:21:14]} Ba6 {[%clk 1:11:25]} 9. Bf4
{[%clk 1:19:06]} c5 {[%clk 1:10:48]} 10. cxb4 {[%clk 1:16:50]} cxb4
{[%clk 1:10:46]} 11. Nbd2 {[%clk 1:16:59]} Be7 {[%clk 1:11:10]} 12. Re1
{[%clk 1:10:29]} O-O {[%clk 1:11:32]} 13. Qa4 {[%clk 1:07:51]} Rc8
{[%clk 1:04:47]} 14. Bf1 {[%clk 1:03:17]} Nh5 {[%clk 0:55:05]} 15. Rac1
{[%clk 1:03:14]} h6 {[%clk 0:53:17]} 16. Nb3 {[%clk 0:52:41]} Bc4
{[%clk 0:29:48]} 17. Nfd2 {[%clk 0:50:01]} a6 {[%clk 0:13:30]} 18. Nxc4
{[%clk 0:49:23]} dxc4 {[%clk 0:13:52]} 19. Nd2 {[%clk 0:49:31]} Nxf4
{[%clk 0:13:22]} 20. gxf4 {[%clk 0:49:30]} Nc5 {[%clk 0:12:47]} 21. Qc2
{[%clk 0:44:51]} Qxd4 {[%clk 0:04:08]} 22. e3 {[%clk 0:45:09]} Qf6
{[%clk 0:03:59]} 23. Nxc4 {[%clk 0:43:23]} b3 {[%clk 0:04:09]} 24. Qb1
{[%clk 0:41:58]} g5 {[%clk 0:03:55]} 25. Nb6 {[%clk 0:41:20]} Rcd8
{[%clk 0:03:31]} 26. Rc4 {[%clk 0:38:48]} gxf4 {[%clk 0:01:11]} 27. Rxf4
{[%clk 0:39:17]} Qg7+ {[%clk 0:01:10]} 28. Kh1 {[%clk 0:39:22]} Kh8
{[%clk 0:00:50]} 29. Be2 {[%clk 0:39:07]} f5 {[%clk 0:00:41]} 30. Rg1
{[%clk 0:38:32]} Qf6 {[%clk 0:01:10]} 31. Qc1 {[%clk 0:39:01]} Bd6
{[%clk 0:01:00]} 32. Rd4 {[%clk 0:37:01]} Ne4 {[%clk 0:01:01]} 33. f3
{[%clk 0:32:14]} Qh4 {[%clk 0:01:29]} 34. Rg2 {[%clk 0:30:23]} Rg8
{[%clk 0:01:58]} 35. Rxd6 {[%clk 0:30:22]} Nxd6 {[%clk 0:00:47]} 36. Qc3+
{[%clk 0:30:34]} e5 {[%clk 0:01:16]} 37. Qxe5+ Kh7 38. Qc3 {[%clk 0:22:00]} Rxg2
{[%clk 0:01:48]} 39. Kxg2 {[%clk 0:20:52]} Rg8+ {[%clk 0:01:15]} 40. Kf1
{[%clk 0:20:29]} Qxh2 {[%clk 0:01:33]} 41. Ke1 {[%clk 0:20:52]} Rg1+
{[%clk 0:01:31]} 42. Kd2 {[%clk 0:21:13]} Rg2 {[%clk 0:01:47]} 43. Qd3
{[%clk 0:21:25]} Qe5 {[%clk 0:02:09]} 44. Qxb3 {[%clk 0:18:44]} Qxa5+
{[%clk 0:02:30]} 45. Kd3 {[%clk 0:18:26]} Nb7 {[%clk 0:00:39]} 46. Qf7+
{[%clk 0:16:25]} Rg7 {[%clk 0:01:07]} 47. Qf6 {[%clk 0:16:48]} Nc5+
{[%clk 0:00:35]} 48. Kc2 {[%clk 0:16:47]} Nd7 {[%clk 0:00:56]} 49. Nxd7
{[%clk 0:12:05]} Rxd7 {[%clk 0:01:25]} 50. Bc4 {[%clk 0:12:13]} Qd2+
{[%clk 0:01:31]} 51. Kb3 {[%clk 0:11:40]} Qxe3+ {[%clk 0:00:45]} 52. Ka2
{[%clk 0:12:10]} Qc5 {[%clk 0:00:34]} 53. Be6 {[%clk 0:09:41]} Qa5+
{[%clk 0:01:01]} 54. Kb1 {[%clk 0:09:03]} Qe1+ {[%clk 0:00:40]} 55. Ka2
{[%clk 0:09:24]} Qa5+ {[%clk 0:01:09]} 56. Kb1 {[%clk 0:09:53]} Rd1+
{[%clk 0:01:01]} 57. Kc2 {[%clk 0:10:22]} Qd2+ {[%clk 0:01:24]} 58. Kb3
{[%clk 0:10:46]} Qd3+ {[%clk 0:01:03]} 59. Ka2 {[%clk 0:11:03]} Qb1+
{[%clk 0:01:26]} 60. Ka3 {[%clk 0:08:59]} Qd3+ {[%clk 0:00:39]} 61. Ka2
{[%clk 0:09:21]} Qb1+ {[%clk 0:01:07]} 62. Ka3 {[%clk 0:09:08]} Rd3+
{[%clk 0:00:56]} 63. Kb4 {[%clk 0:08:38]} Rd4+ {[%clk 0:01:05]} 64. Qxd4
{[%clk 0:03:40]} Qe1+ {[%clk 0:01:33]} 65. Kc5 {[%clk 0:04:00]} Qxe6
{[%clk 0:02:01]} 66. f4 {[%clk 0:04:16]} Kg6 {[%clk 0:00:41]} 67. b4
{[%clk 0:04:13]} h5 {[%clk 0:00:44]} 68. Qg1+ {[%clk 0:04:01]} Kf7
{[%clk 0:00:51]} 69. Qh2 {[%clk 0:04:06]} Qe7+ {[%clk 0:00:58]} 70. Kc6
{[%clk 0:03:55]} h4 {[%clk 0:00:59]} 71. Kb6 {[%clk 0:02:46]} Qxb4+
{[%clk 0:00:54]} 72. Kxa6 {[%clk 0:03:15]} Qa3+ {[%clk 0:01:23]} 73. Kb5
{[%clk 0:03:12]} Qb3+ {[%clk 0:01:14]} 74. Kc5 {[%clk 0:03:00]} Qc3+
{[%clk 0:00:37]} 75. Kd5 {[%clk 0:03:16]} h3 {[%clk 0:00:37]} 76. Qe2
{[%clk 0:02:22]} Qb3+ {[%clk 0:00:56]} 77. Kc5 {[%clk 0:02:20]} Qa3+
{[%clk 0:00:47]} 78. Kb5 {[%clk 0:02:31]} Qb3+ {[%clk 0:00:59]} 79. Kc5
{[%clk 0:02:48]} Qc3+ {[%clk 0:01:11]} 80. Kb5 {[%clk 0:02:08]} Qb3+
{[%clk 0:00:35]} 81. Kc5 {[%clk 0:02:36]} Qa3+ {[%clk 0:00:53]} 82. Kb5
{[%clk 0:03:05]} Qg3 {[%clk 0:00:43]} 83. Qh5+ {[%clk 0:01:51]} Kg7
{[%clk 0:00:34]} 84. Qxf5 {[%clk 0:01:13]} Qb3+ {[%clk 0:00:36]} 85. Kc5
{[%clk 0:01:23]} Qc3+ {[%clk 0:01:02]} 86. Kb5 {[%clk 0:01:18]} Qb2+
{[%clk 0:01:00]} 87. Kc5 {[%clk 0:01:13]} Qc1+ {[%clk 0:00:34]} 88. Kd4
{[%clk 0:00:59]} Qd2+ {[%clk 0:00:40]} 89. Kc4 {[%clk 0:01:25]} Qe2+
{[%clk 0:00:37]} 90. Kd4 {[%clk 0:01:46]} Qd2+ {[%clk 0:00:40]} 91. Kc4
{[%clk 0:02:04]} Qa2+ {[%clk 0:00:50]} 92. Kb4 {[%clk 0:01:26]} Qd2+
{[%clk 0:00:39]} 93. Kc4 {[%clk 0:01:51]} Qc1+ {[%clk 0:01:03]} 94. Kb4
{[%clk 0:01:20]} Qe1+ {[%clk 0:00:51]} 95. Kc4 {[%clk 0:01:36]} Qf1+
{[%clk 0:01:14]} 96. Kb4 {[%clk 0:01:53]} Qe1+ {[%clk 0:01:22]} 97. Kc4
{[%clk 0:02:18]} Qe2+ {[%clk 0:01:24]} 98. Kd4 {[%clk 0:02:18]} Qd1+
{[%clk 0:00:43]} 99. Kc3 {[%clk 0:01:26]} Qa1+ {[%clk 0:00:34]} 100. Kb3
{[%clk 0:01:36]} Qd1+ {[%clk 0:00:55]} 101. Kb4 {[%clk 0:01:55]} Qd6+
{[%clk 0:00:47]} 102. Kc4 {[%clk 0:02:04]} Qa6+ {[%clk 0:00:46]} 103. Kb4
{[%clk 0:02:05]} Qb7+ {[%clk 0:00:35]} 104. Kc5 {[%clk 0:01:34]} Qe7+
{[%clk 0:00:45]} 105. Kb5 {[%clk 0:01:53]} Qe8+ {[%clk 0:01:05]} 106. Ka5
{[%clk 0:02:08]} h2 {[%clk 0:00:42]} 107. Qg5+ {[%clk 0:01:51]} Qg6
{[%clk 0:01:11]} 108. Qe7+ {[%clk 0:00:37]} Kh6 {[%clk 0:01:27]} 109. Qf8+
{[%clk 0:00:55]} Qg7 {[%clk 0:00:37]} 110. Qd6+ {[%clk 0:01:03]} Kh5
{[%clk 0:00:55]} 111. Qd5+ {[%clk 0:00:53]} Kh4 {[%clk 0:01:22]} 112. Qd8+
{[%clk 0:01:17]} Kh3 {[%clk 0:00:41]} 113. Qc8+ {[%clk 0:00:38]} Kg3
{[%clk 0:00:54]} 114. Qc1 {[%clk 0:00:37]} Qa7+ {[%clk 0:01:23]} 115. Kb5
{[%clk 0:00:57]} Qb7+ {[%clk 0:01:52]} 116. Ka5 {[%clk 0:00:33]} Qd5+
{[%clk 0:02:00]} 117. Kb4 {[%clk 0:00:54]} Qe4+ {[%clk 0:01:59]} 0-1

[Event "Moscow Open 2018 F"]
[Site "?"]
[Date "2018.01.29"]
[Round "4.8"]
[White "Lugovskoy, Maxim"]
[Black "Orshonova, Elena"]
[Result "1-0"]
[BlackElo "2047"]
[WhiteElo "2459"]
[LiveChessVersion "1.4.8"]

1. e4 {[%clk 1:28:59]} e5 {[%clk 1:30:10]} 2. Nf3 {[%clk 1:29:03]} Nc6
{[%clk 1:30:16]} 3. Nc3 {[%clk 1:29:01]} Nf6 {[%clk 1:29:25]} 4. Bb5
{[%clk 1:29:25]} Be7 {[%clk 1:27:46]} 5. O-O {[%clk 1:28:14]} O-O
{[%clk 1:27:02]} 6. Bxc6 {[%clk 1:24:13]} dxc6 {[%clk 1:27:05]} 7. Nxe5
{[%clk 1:24:33]} Nxe4 {[%clk 1:22:06]} 8. Nxe4 {[%clk 1:23:29]} Qd4
{[%clk 1:20:06]} 9. Nxc6 {[%clk 1:22:35]} bxc6 {[%clk 1:19:40]} 10. d3
{[%clk 1:20:28]} f5 {[%clk 1:18:04]} 11. Nc3 {[%clk 1:16:23]} Bd6
{[%clk 1:17:07]} 12. Qf3 {[%clk 1:16:11]} Bb7 {[%clk 1:07:36]} 13. Ne2
{[%clk 1:15:48]} Qh4 {[%clk 1:02:51]} 14. Bf4 {[%clk 1:15:12]} Rab8
{[%clk 1:02:52]} 15. Bxd6 {[%clk 1:13:44]} cxd6 {[%clk 1:03:18]} 16. Qf4
{[%clk 1:14:11]} Qf6 {[%clk 1:03:23]} 17. Qd4 {[%clk 1:14:13]} Qh6
{[%clk 0:58:35]} 18. Qf4 {[%clk 1:13:32]} Qf6 {[%clk 0:58:55]} 19. Nc3
{[%clk 1:13:58]} c5 {[%clk 0:58:40]} 20. Rae1 {[%clk 1:14:17]} Bc6
{[%clk 0:58:35]} 21. Nd1 {[%clk 1:12:29]} Rb4 {[%clk 0:57:09]} 22. c4
{[%clk 1:12:51]} Rbb8 {[%clk 0:54:16]} 23. Re2 {[%clk 1:11:27]} Rbe8
{[%clk 0:49:22]} 24. Rfe1 {[%clk 1:10:15]} g5 {[%clk 0:49:09]} 25. Qd2
{[%clk 1:10:18]} Rxe2 {[%clk 0:48:24]} 26. Qxe2 {[%clk 1:10:02]} Re8
{[%clk 0:46:21]} 27. Qd2 {[%clk 1:10:28]} f4 {[%clk 0:46:09]} 28. Rxe8+
{[%clk 1:09:40]} Bxe8 {[%clk 0:46:34]} 29. Nc3 {[%clk 1:08:25]} Qe5
{[%clk 0:43:57]} 30. Qe2 {[%clk 1:00:44]} Qxe2 {[%clk 0:40:13]} 31. Nxe2
{[%clk 0:59:45]} Bg6 {[%clk 0:40:35]} 32. Nc1 {[%clk 1:00:12]} Kg7
{[%clk 0:40:41]} 33. Kf1 {[%clk 1:00:40]} Kf6 {[%clk 0:41:03]} 34. Ke2
{[%clk 1:01:08]} Be8 {[%clk 0:40:15]} 35. a3 {[%clk 1:00:53]} Ke5
{[%clk 0:39:48]} 36. b4 {[%clk 1:00:51]} Ba4 {[%clk 0:39:08]} 37. Kd2
{[%clk 0:59:33]} g4 {[%clk 0:37:41]} 38. g3 {[%clk 0:59:47]} h5 {[%clk 0:36:21]}
39. Ne2 {[%clk 1:00:00]} f3 {[%clk 0:36:19]} 40. Nc3 {[%clk 1:00:26]} Bc6
{[%clk 0:35:20]} 41. Ke3 {[%clk 1:00:50]} Be8 {[%clk 0:35:02]} 42. bxc5
{[%clk 1:01:00]} dxc5 {[%clk 0:35:23]} 43. Ne4 {[%clk 1:01:28]} 1-0

[Event "Moscow Open 2018 F"]
[Site "?"]
[Date "2018.01.29"]
[Round "4.9"]
[White "Fotin, Vladimir"]
[Black "Ustich, Ekaterina"]
[Result "1-0"]
[BlackElo "2022"]
[WhiteElo "2315"]
[LiveChessVersion "1.4.8"]

1. Nf3 {[%clk 1:02:40]} Nf6 {[%clk 1:30:14]} 2. c4 {[%clk 1:00:14]} e6
{[%clk 1:30:22]} 3. g3 {[%clk 1:00:03]} b6 {[%clk 1:27:09]} 4. Bg2
{[%clk 0:59:14]} Bb7 {[%clk 1:27:31]} 5. O-O {[%clk 0:59:36]} Be7
{[%clk 1:20:51]} 6. Nc3 {[%clk 0:58:09]} Ne4 {[%clk 1:19:38]} 7. Nxe4
{[%clk 0:56:43]} Bxe4 {[%clk 1:19:49]} 8. d3 {[%clk 0:57:08]} Bb7
{[%clk 1:19:07]} 9. e4 {[%clk 0:54:21]} c5 {[%clk 1:18:27]} 10. Re1
{[%clk 0:54:38]} Nc6 {[%clk 1:12:58]} 11. d4 {[%clk 0:42:13]} cxd4
{[%clk 1:12:04]} 12. Nxd4 {[%clk 0:42:34]} O-O {[%clk 1:08:54]} 13. Be3
{[%clk 0:39:17]} Bf6 {[%clk 0:53:04]} 14. Rc1 {[%clk 0:37:06]} Rc8
{[%clk 0:47:30]} 15. b3 {[%clk 0:32:54]} a6 {[%clk 0:41:15]} 16. Nxc6
{[%clk 0:26:00]} dxc6 {[%clk 0:40:11]} 17. e5 {[%clk 0:25:11]} Qxd1
{[%clk 0:40:11]} 18. Rcxd1 {[%clk 0:25:34]} Bd8 {[%clk 0:35:57]} 19. Rd7
{[%clk 0:24:30]} Ba8 {[%clk 0:31:53]} 20. Red1 {[%clk 0:21:54]} Bc7
{[%clk 0:29:58]} 21. R1d3 {[%clk 0:20:36]} h6 {[%clk 0:24:54]} 22. f4
{[%clk 0:18:58]} Rcd8 {[%clk 0:15:43]} 23. Kf2 {[%clk 0:15:51]} Rxd7
{[%clk 0:15:24]} 24. Rxd7 {[%clk 0:16:14]} Rc8 {[%clk 0:15:43]} 25. Bc1
{[%clk 0:15:38]} b5 {[%clk 0:14:33]} 26. cxb5 {[%clk 0:14:29]} cxb5
{[%clk 0:13:45]} 27. Be3 {[%clk 0:08:16]} Bxg2 {[%clk 0:13:27]} 28. Kxg2
{[%clk 0:08:44]} Ba5 {[%clk 0:05:49]} 29. Ra7 {[%clk 0:08:24]} Rc2+
{[%clk 0:04:49]} 30. Kf3 {[%clk 0:08:45]} Rxa2 {[%clk 0:04:46]} 31. Rxa6
{[%clk 0:09:07]} Ra3 {[%clk 0:05:13]} 32. Ke4 {[%clk 0:08:40]} Bb4
{[%clk 0:03:44]} 33. Rb6 {[%clk 0:07:45]} Ra5 {[%clk 0:03:01]} 34. g4
{[%clk 0:07:11]} Bc3 {[%clk 0:02:22]} 35. Bc5 {[%clk 0:03:23]} Ra2
{[%clk 0:01:40]} 36. h4 {[%clk 0:03:24]} Be1 {[%clk 0:01:20]} 37. h5
{[%clk 0:03:33]} Re2+ {[%clk 0:01:23]} 38. Kf3 {[%clk 0:03:51]} Rc2
{[%clk 0:01:50]} 39. Rxb5 {[%clk 0:04:05]} Rc3+ {[%clk 0:02:17]} 40. Ke2
{[%clk 0:03:49]} Bg3 {[%clk 0:02:28]} 41. Be3 {[%clk 0:04:12]} Rc2+
{[%clk 0:01:39]} 42. Kf3 {[%clk 0:03:51]} Be1 {[%clk 0:01:58]} 43. Rb8+
{[%clk 0:04:03]} Kh7 {[%clk 0:02:25]} 44. b4 {[%clk 0:03:53]} Rb2
{[%clk 0:02:16]} 45. b5 {[%clk 0:03:55]} Rb3 {[%clk 0:02:31]} 46. Ke2
{[%clk 0:03:54]} Ba5 {[%clk 0:02:56]} 47. b6 {[%clk 0:03:25]} Rb2+
{[%clk 0:03:12]} 48. Kf3 {[%clk 0:03:24]} Rb3 {[%clk 0:03:38]} 49. Ke4
{[%clk 0:03:42]} Rb5 {[%clk 0:03:13]} 50. Bd4 {[%clk 0:03:08]} Rb4
{[%clk 0:02:35]} 51. f5 {[%clk 0:03:03]} Rb5 {[%clk 0:02:45]} 52. f6
{[%clk 0:02:00]} Rb4 {[%clk 0:01:40]} 53. Kd3 {[%clk 0:02:04]} Rb5
{[%clk 0:00:46]} 54. Rf8 {[%clk 0:00:50]} Rb3+ {[%clk 0:00:53]} 55. Ke4
{[%clk 0:00:53]} gxf6 {[%clk 0:00:42]} 56. exf6 {[%clk 0:00:52]} e5
{[%clk 0:00:45]} 57. Rxf7+ {[%clk 0:01:04]} Kg8 {[%clk 0:01:12]} 58. Rg7+
{[%clk 0:01:25]} Kh8 {[%clk 0:01:39]} 59. Bxe5 {[%clk 0:01:16]} Rxb6
{[%clk 0:01:45]} 60. Rb7 {[%clk 0:00:53]} Rb4+ {[%clk 0:01:52]} 61. Kf5
{[%clk 0:01:05]} 1-0

[Event "Moscow Open 2018 F"]
[Site "?"]
[Date "2018.01.29"]
[Round "4.10"]
[White "Lebedev, Oleg"]
[Black "Styazhkina, Anna"]
[Result "1-0"]
[BlackElo "2283"]
[WhiteElo "2079"]
[LiveChessVersion "1.4.8"]

1. f4 {[%clk 1:30:25]} d5 {[%clk 1:16:53]} 2. Nf3 {[%clk 1:30:51]} Nf6
{[%clk 1:17:08]} 3. g3 {[%clk 1:31:09]} b6 {[%clk 1:17:17]} 4. Bg2
{[%clk 1:31:34]} Bb7 {[%clk 1:17:41]} 5. O-O {[%clk 1:32:00]} g6 {[%clk 1:17:56]}
6. d3 {[%clk 1:32:23]} Bg7 {[%clk 1:18:19]} 7. e3 {[%clk 1:32:35]} O-O
{[%clk 1:18:33]} 8. Nc3 {[%clk 1:32:58]} e6 {[%clk 1:18:08]} 9. Qe2
{[%clk 1:32:58]} c5 {[%clk 1:18:15]} 10. e4 {[%clk 1:31:51]} Nc6 {[%clk 1:17:34]}
11. h3 {[%clk 1:30:59]} Ne8 {[%clk 1:03:39]} 12. g4 {[%clk 1:17:50]} d4
{[%clk 0:56:06]} 13. Nd1 {[%clk 1:16:12]} f5 {[%clk 0:56:22]} 14. exf5
{[%clk 1:07:36]} exf5 {[%clk 0:56:42]} 15. gxf5 {[%clk 1:06:34]} Rxf5
{[%clk 0:54:47]} 16. Qe6+ {[%clk 0:59:49]} Kh8 {[%clk 0:54:14]} 17. Ng5
{[%clk 0:59:38]} Nd6 {[%clk 0:53:44]} 18. Nf2 {[%clk 0:59:45]} Rf6
{[%clk 0:51:27]} 19. Qg4 {[%clk 0:57:24]} Qe7 {[%clk 0:34:22]} 20. Nfe4
{[%clk 0:51:50]} Nxe4 {[%clk 0:30:49]} 21. Nxe4 {[%clk 0:52:07]} Rff8
{[%clk 0:30:30]} 22. Bd2 {[%clk 0:50:57]} Rae8 {[%clk 0:29:17]} 23. Rae1
{[%clk 0:50:58]} Bc8 {[%clk 0:22:54]} 24. Qg3 {[%clk 0:48:57]} Qd7
{[%clk 0:18:31]} 25. Qh4 {[%clk 0:45:33]} Nd8 {[%clk 0:08:50]} 26. Ng5
{[%clk 0:39:46]} Bf6 {[%clk 0:07:53]} 27. Qg3 {[%clk 0:25:22]} Nf7
{[%clk 0:04:20]} 28. h4 {[%clk 0:19:40]} Nd6 {[%clk 0:03:48]} 29. h5
{[%clk 0:11:19]} gxh5 {[%clk 0:01:21]} 30. Bh3 {[%clk 0:10:10]} Qg7
{[%clk 0:01:27]} 31. Bxc8 {[%clk 0:08:02]} Rxc8 {[%clk 0:01:47]} 32. Re6
{[%clk 0:07:06]} Nf5 {[%clk 0:01:44]} 33. Qh3 {[%clk 0:07:26]} h6
{[%clk 0:01:46]} 34. Kh1 {[%clk 0:01:54]} Bxg5 {[%clk 0:01:38]} 35. fxg5
{[%clk 0:00:46]} Ng3+ {[%clk 0:01:43]} 36. Kg2 {[%clk 0:00:34]} Nxf1
{[%clk 0:01:14]} 37. Qxh5 {[%clk 0:00:50]} Qb7+ {[%clk 0:00:41]} 38. Kg1
{[%clk 0:01:20]} Rf7 {[%clk 0:00:39]} 39. Rxh6+ {[%clk 0:00:43]} Rh7
{[%clk 0:00:54]} 40. Bf4 {[%clk 0:00:34]} Qg7 {[%clk 0:00:32]} 41. Be5
{[%clk 0:00:47]} Rg8 {[%clk 0:00:32]} 42. Rxh7# {[%clk 0:01:12]} 1-0

[Event "Moscow Open 2018 F"]
[Site "?"]
[Date "2018.01.29"]
[Round "4.11"]
[White "Kuzub, Pavel"]
[Black "Shapkin, Anatoliy"]
[Result "0-1"]
[BlackElo "2278"]
[WhiteElo "2020"]
[LiveChessVersion "1.4.8"]

1. Nf3 {[%clk 1:27:36]} Nf6 {[%clk 1:25:46]} 2. g3 {[%clk 1:27:59]} g6
{[%clk 1:25:45]} 3. Bg2 {[%clk 1:28:24]} Bg7 {[%clk 1:26:10]} 4. O-O
{[%clk 1:28:49]} O-O {[%clk 1:26:35]} 5. d3 {[%clk 1:28:52]} c5 {[%clk 1:25:43]}
6. Nbd2 {[%clk 1:28:26]} d6 {[%clk 1:25:57]} 7. e4 {[%clk 1:26:57]} Nc6
{[%clk 1:25:18]} 8. Re1 {[%clk 1:25:14]} Nd7 {[%clk 1:22:00]} 9. Nb3
{[%clk 1:19:41]} Rb8 {[%clk 1:17:37]} 10. c3 {[%clk 1:17:58]} b5 {[%clk 1:15:30]}
11. d4 {[%clk 1:15:01]} b4 {[%clk 1:15:27]} 12. Be3 {[%clk 1:15:30]} bxc3
{[%clk 1:14:55]} 13. bxc3 {[%clk 1:15:54]} Na5 {[%clk 1:12:37]} 14. Nfd2
{[%clk 1:14:47]} Ba6 {[%clk 1:08:53]} 15. Nxa5 {[%clk 1:07:38]} Qxa5
{[%clk 1:09:15]} 16. Nb3 {[%clk 1:05:56]} Qa3 {[%clk 1:03:49]} 17. e5
{[%clk 0:59:38]} c4 {[%clk 0:56:31]} 18. Bc6 {[%clk 0:59:28]} Bb5
{[%clk 0:50:24]} 19. Bxd7 {[%clk 0:54:02]} Bxd7 {[%clk 0:50:32]} 20. Nd2
{[%clk 0:53:25]} d5 {[%clk 0:50:30]} 21. Qf3 {[%clk 0:53:42]} Be6
{[%clk 0:48:30]} 22. Bg5 {[%clk 0:53:48]} h6 {[%clk 0:47:47]} 23. Bf4
{[%clk 0:52:34]} g5 {[%clk 0:46:42]} 24. Be3 {[%clk 0:52:58]} Qxc3
{[%clk 0:46:52]} 25. Qh5 {[%clk 0:51:50]} Qd3 {[%clk 0:44:26]} 26. h4
{[%clk 0:51:33]} Qg6 {[%clk 0:43:32]} 27. Qxg6 {[%clk 0:51:22]} fxg6
{[%clk 0:43:51]} 28. hxg5 {[%clk 0:51:47]} h5 {[%clk 0:44:19]} 29. Nb1
{[%clk 0:50:17]} Bf5 {[%clk 0:43:26]} 30. Nc3 {[%clk 0:50:39]} e6
{[%clk 0:43:49]} 31. Bc1 {[%clk 0:50:53]} Rf7 {[%clk 0:41:40]} 32. Ba3
{[%clk 0:50:53]} Bf8 {[%clk 0:41:23]} 33. Bxf8 {[%clk 0:51:17]} Kxf8
{[%clk 0:41:49]} 34. Re2 {[%clk 0:44:00]} Bd3 {[%clk 0:39:14]} 35. Rd2
{[%clk 0:44:17]} Rf5 {[%clk 0:32:53]} 36. f4 {[%clk 0:43:48]} Rf7
{[%clk 0:30:11]} 37. Kf2 {[%clk 0:41:30]} Bf5 {[%clk 0:28:41]} 38. Ke3
{[%clk 0:40:18]} Rb4 {[%clk 0:28:56]} 39. Rh1 {[%clk 0:39:55]} Rfb7
{[%clk 0:29:13]} 40. Rhh2 {[%clk 0:35:52]} a5 {[%clk 0:29:19]} 41. Rdf2
{[%clk 0:33:26]} a4 {[%clk 0:29:29]} 42. Kd2 {[%clk 0:31:02]} a3 {[%clk 0:28:13]}
43. Kc1 {[%clk 0:31:31]} Ke7 {[%clk 0:28:28]} 44. Re2 {[%clk 0:31:08]} Kd7
{[%clk 0:28:39]} 45. Ref2 {[%clk 0:31:18]} Kc6 {[%clk 0:29:04]} 46. Kd2
{[%clk 0:13:32]} Kb6 {[%clk 0:28:57]} 47. Ke3 {[%clk 0:14:01]} Ka5
{[%clk 0:29:18]} 48. Rd2 {[%clk 0:11:06]} Rb2 {[%clk 0:29:15]} 49. Rhf2
{[%clk 0:10:46]} Rxd2 {[%clk 0:29:26]} 50. Rxd2 {[%clk 0:07:32]} Rb2
{[%clk 0:29:40]} 51. Ne2 {[%clk 0:06:58]} Kb4 {[%clk 0:29:33]} 52. Nc1
{[%clk 0:07:26]} c3 {[%clk 0:29:29]} 53. Re2 {[%clk 0:07:20]} Kc4
{[%clk 0:29:47]} 54. Re1 {[%clk 0:07:08]} Rd2 {[%clk 0:29:16]} 55. Ne2
{[%clk 0:07:10]} Bg4 {[%clk 0:29:11]} 56. f5 {[%clk 0:07:07]} Bxf5
{[%clk 0:28:51]} 0-1